[Event "Budapest FS06 GM"]
[Site "Budapest"]
[Date "1995.??.??"]
[Round "11"]
[White "Csom, Istvan"]
[Black "Liss, Eran"]
[Result "0-1"]
[WhiteElo "2455"]
[BlackElo "2480"]
[Annotator "Ribli,Z"]
[PlyCount "82"]
[EventDate "1995.06.??"]
[EventType "tourn"]
[EventRounds "11"]
[EventCountry "HUN"]
[EventCategory "9"]
[SourceTitle "CBM 049"]
[Source "ChessBase"]
[SourceDate "1995.12.01"]
[SourceVersion "1"]
[SourceVersionDate "1995.12.01"]
[SourceQuality "1"]

1. c4 Nf6 2. Nf3 g6 3. b4 Bg7 4. Bb2 O-O 5. e3 d6 6. d3 e5 7. Nbd2 (7. Nc3 a5
8. b5 Re8 9. Be2 e4 10. Nxe4 Nxe4 11. Bxg7 Nxf2 12. Kxf2 Kxg7 13. Qd2 Nd7 14.
Rhe1 Qe7 15. Qc3+ f6 16. e4 c5 17. bxc6 bxc6 18. d4 c5 19. d5 Ne5 20. Nxe5 fxe5
21. Kg1 $14 {Panchenko,A-Rogozenko,D/Calimanesti/1993/INF60,15/}) 7... Re8 8.
Be2 Nh5 9. Ng1 Nf6 10. Ngf3 Nbd7 {Schwarz will kaempfen.} 11. O-O (11. Qb3 b6
12. O-O Bb7 13. Rfc1 c5 14. a3 Qe7 $13 {Sion Castro,M-Romero,A/Leon/1993/CBM36/
}) 11... h6 12. Qc2 Nf8 13. c5 g5 $5 {Das ist offenbar eine Neuerung.} (13...
Nd5 14. a3 f5 15. Rfd1 Be6 16. Bf1 Qe7 17. Rac1 Bf7 $13 {Benko,P-Cioceltea,V/
Lugano/1968/INF06,13/}) 14. Rfc1 Ng6 15. cxd6 cxd6 16. a3 (16. Qc7 Qxc7 17.
Rxc7 Nd5 18. Rc4 b5 19. Rc6 Nxb4 20. Rxd6 g4 21. Ne1 Bf8 22. Rf6 Kg7 $17) 16...
Re7 {Schwarz vermeidet den Damentausch (Qc7), weil er sie fuer den
Koenigsangriff braucht.} 17. Bf1 $6 {Sieht ein bisschen passiv aus. Ich
empfehle 17.Ne4!?} g4 18. Ne1 d5 {Schwarz will jetzt Ne4 nicht lassen.} 19. Nb3
h5 20. b5 Bh6 21. d4 {[#]} g3 $5 {Der Nachziehende will mit diesem typischen 
(Sizilianisch) Bauernopfer seinen Angriff beschleunigen. Jetzt kriegt Schwarz
ein sehr schoenes Figurenspiel.} (21... e4 22. g3 $15) 22. hxg3 e4 23. Be2 {
Jetzt sehen wir sehr genau, warum 17.Bf1 ein schlechter Zug war.} Ng4 24. Nd2
h4 25. Bxg4 (25. Nf1 hxg3 26. Nxg3 Nxe3 $1 27. fxe3 Bxe3+ 28. Kf1 Re6 $44)
25... Bxg4 26. Nf1 f5 $1 {Schwarz wird jetzt seine Schwerfiguren in Angriff
einsetzten.} 27. a4 (27. f3 hxg3 $1 28. fxg4 Rf7 $40) 27... Rh7 28. Ra3 Qg5 29.
Rc3 Nf8 30. Ba3 (30. Rc8 Rxc8 31. Qxc8 hxg3 32. fxg3 {[#]} Qxe3+ $1 33. Nxe3
Bxe3+ 34. Kf1 Rh1# {Schoen}) (30. Qb3 $5) 30... Qh5 31. f4 {Sonst gibt der
Nachziehende in einige Zuege auf die h-Linie Matt.} exf3 32. Nxf3 Bxf3 33. gxf3
hxg3 {Droht /\ Bxe3+ folgt Qh1 Matt.} 34. Qg2 f4 35. Bd6 Re8 36. Rc8 (36. Bxf4
Bxf4 37. exf4 Re2 38. Qxg3+ (38. Qxe2 Qh1#) 38... Rg7 $19) 36... Ne6 37. Rxe8+
Qxe8 38. Be5 (38. Bxf4 Bxf4 39. exf4 Nxf4 40. Qxg3+ Rg7 $19) 38... Bg7 39. Bxg7
(39. exf4 Nxf4 40. Bxf4 Bxd4+ $19) 39... Rxg7 40. Rc3 Qh5 {Droht /\ fxe3 nebst
Nf4.} 41. Qe2 g2 {Ribli} (41... g2 42. Nh2 Qxh2+ 43. Kxh2 g1=Q+ 44. Kh3 Rh7#)
0-1

[Event "EU-ch 5th"]
[Site "Antalya"]
[Date "2004.05.24"]
[Round "9"]
[White "Agrest, Evgenij"]
[Black "Stocek, Jiri"]
[Result "1-0"]
[WhiteElo "2601"]
[BlackElo "2543"]
[Annotator "Ribli,Z"]
[PlyCount "75"]
[EventDate "2004.05.15"]
[EventType "swiss"]
[EventRounds "13"]
[EventCountry "TUR"]
[SourceTitle "CBM 101"]
[Source "ChessBase"]
[SourceDate "2004.07.27"]
[SourceVersion "1"]
[SourceVersionDate "2004.07.27"]
[SourceQuality "1"]

1. Nf3 Nf6 2. c4 b6 3. Nc3 Bb7 4. d3 {Dieser Zug wird selten gespielt, ist
aber die Lieblingsvariante des Weißspielers. Er möchte 5.e4 ziehen und die
Diagonale des b7-Läufers schließen.} c5 5. e4 g6 {Schwarz möchte den anderen
Läufer nach g7 entwickeln; 5...d6!? mit der Idee 6...e6 und 7...Be7 führt zu
einem Igel, wo Schwarz eine bequeme Stellung hat.} (5... d6 $5 6. Be2 (6. g3 {
-> A 30}) 6... e6 7. O-O Be7 8. Re1 O-O 9. Bf1 Nbd7 10. d4 cxd4 11. Nxd4 a6 {
1/2-1/2 Vajda,A-Ionescu,C/Bucharest 2001/EXT 2002 (11)}) 6. e5 {Nach diesem
Zug bekommen wir eine originelle Stellung, aber Weiß muss so spielen, sonst er
hat keine Hoffnungen auf Eröffnungsvorteil.} (6. Be2 Bg7 $11) 6... Ng4 7. h3
Nh6 8. d4 (8. Bf4 Nf5 (8... Nc6 9. d4 $14) (8... Bg7) 9. d4 Bxf3 (9... cxd4 10.
Nxd4 Nxd4 11. Qxd4 Nc6 12. Qe3 $14) 10. Qxf3 Nc6 11. d5 Ncd4 12. Qe4 $14) 8...
cxd4 (8... Bxf3 $5 9. Qxf3 Nc6 $11) 9. Nxd4 Nc6 10. Bf4 $14 {Dank seinem
starkem e5-Bauern hat Weiß Raumvorteil im Zentrum.} Bg7 11. Nf3 (11. Nxc6 Bxc6
(11... dxc6 12. Qf3 $14) 12. Nd5 O-O 13. Bd3 $14) 11... O-O 12. Be2 (12. Bd3
$14) 12... Nf5 13. g4 $1 (13. O-O d6 $11) 13... Nfd4 (13... Nh6 $2 14. Qd2 $18)
14. Nxd4 Nxd4 15. Qxd4 {Das ist die Pointe des weißen Spiels - er opfert
zeitweilig eine Qualität.} Bxh1 16. f3 {[%csl Rh1] Weiß schließt die h1-a8
Diagonale und droht 17.Kf2 oder 17.Qg1 mit Läufergewinn.} f6 {Schwarz muss das
Spiel komplizieren, sonst gewinnt den h1-Läufer und Schwarz bleibt ohne
Gegenspiel.} (16... Bg2 17. Qf2 Bxh3 18. Qg3 $16) 17. Kf2 {[%cal Ra1h1]} fxe5
18. Bxe5 Qb8 {[%cal Gb8h2,Gg7d4]} (18... Bxe5 19. Qxe5 Bxf3 20. Bxf3 $16) 19.
Bxg7 (19. Bxb8 $4 Bxd4+ $19) 19... Qh2+ 20. Ke1 $6 {Man spielt gewöhnlich
nicht gern den Königszug 20.Ke3, wenn noch Damen auf dem Brett sind, aber auf
e1 steht der König viel schlechter.} (20. Ke3 $1 Rf7 (20... e5 21. Bxe5 Rae8
22. Kd3 Rxe5 23. Rxh1 Qxh1 24. Qxe5 $18) 21. Qe5 Qxh3 22. Ne4 $16) 20... Rf7
$13 {[%csl Re1] Weiß hat Materialvorteil, aber sein König steht angreifbar in
der Mitte.} 21. Ne4 {[%cal Ge4g5,Gg5f7][%mdl 2048]} Bxf3 (21... Rxg7 $5 22.
Qd5+ Rf7 23. Qxa8+ Kg7 $132 {[%csl Re1]}) 22. Bxf3 Rxf3 23. Bh6 Rf7 $6 (23...
Qh1+ 24. Ke2 (24. Kd2 Qg2+ $19) 24... Qg2+ 25. Nf2 Rf7 $13) 24. Qd5 $6 (24. Ng5
$1 Qg3+ 25. Ke2 Qg2+ 26. Kd3 Rf6 27. Rg1 Qc6 28. Qd5+ $16) 24... Rd8 (24...
Raf8 $5 25. Bxf8 Kxf8 $36) 25. Rd1 (25. Ng5 Qf2+ 26. Kd1 e6 27. Qe5 Re7 $13)
25... Qxb2 {Schwarz hat zwei Bauern und Turm gegen zwei Leichtfiguren. Aber
was interessant ist - beide Königsstellungen sind schwach.} 26. a4 Qh2 27. Rd3
e6 $2 {[%mdl 8192]} (27... Rb8 $13) {[#]} 28. Qxe6 $1 $16 {[%csl Rg8][%cal
Re6g8]} Qg1+ (28... dxe6 29. Rxd8+ Rf8 30. Rxf8#) 29. Kd2 Qf1 30. Qd5 Kh8 31.
Kc2 Re8 32. Nd2 Qf2 33. Re3 $18 (33. Be3 Rxe3 34. Qd4+ $18 {[%cal Rd4f2,Rd4h8]}
) 33... Rc8 (33... Rxe3 34. Bxe3 Qxe3 35. Qxf7 $18) 34. Kb3 a5 35. Qe5+ Kg8 36.
Qe8+ $1 Rf8 (36... Rxe8 37. Rxe8+ Rf8 38. Rxf8+ Qxf8 39. Bxf8 $18) 37. Qxd7 Qf7
38. Re7 1-0

[Event "ARG-ch Najdorf Memorial"]
[Site "Buenos Aires"]
[Date "1999.11.20"]
[Round "2"]
[White "Soppe, Guillermo"]
[Black "Giaccio, Alfredo Gustavo"]
[Result "0-1"]
[WhiteElo "2448"]
[BlackElo "2505"]
[Annotator "Ribli,Z"]
[PlyCount "56"]
[EventDate "1999.11.19"]
[EventType "tourn"]
[EventRounds "13"]
[EventCountry "ARG"]
[EventCategory "9"]
[SourceTitle "CBM 074"]
[Source "ChessBase"]
[SourceDate "2000.02.01"]
[SourceVersion "1"]
[SourceVersionDate "2000.02.01"]
[SourceQuality "1"]

{[%mdl 2112]} 1. Nf3 Nf6 2. c4 g6 3. b4 {Dieser Zug wurde in der sehr gut
bekannten Partie Reti,R-Capablanca,J-R/New York 1924 gespielt - mit späterem
weißen Gewinn. Nach meiner persöhnlichen Meinung ist dieser Zug nicht besser
als die Alternative 3.b3. Die weiße Hauptidee der Partiefortsetzung besteht
darin, Raum zu gewinnen am Damenflügel, aber anderseits ist der weiße
Damenflügel angreifbar.} Bg7 4. Bb2 O-O 5. g3 c6 (5... d6 6. Bg2 e5 7. d3 Nh5 (
7... a5 8. b5 e4 9. dxe4 Nxe4 10. Bxg7 Kxg7 11. Nd4 Nc5 12. O-O Nbd7 13. Nc3 a4
14. f4 Nb6 15. f5 f6 16. Bd5 Qe8 17. Qc2 Qe3+ {0-1 Conquest,S-Mikhalevski,V/
Albufeira Algarve POR 1999 (17)}) 8. Nc3 f5 9. O-O Nc6 10. b5 Ne7 11. e4 c5 12.
bxc6 bxc6 13. c5 d5 14. exd5 cxd5 15. Qb3 e4 16. dxe4 fxe4 17. Nxe4 Bxb2 18.
Qxb2 dxe4 19. Ng5 Bf5 20. Nxe4 Rb8 {0-1 Akopian,V-Khalifman,A/Las Vegas 1999/
CBM 72 (57)}) 6. Bg2 a5 {Das ist typisch - Schwarz strebt sofortiges
Gegenspiel an und benutzt die geschwächte weiße Bauernstellung am Damenflügel.}
7. bxa5 (7. b5 d5 (7... cxb5 8. cxb5 Qb6 (8... a4 9. O-O d5 10. Na3 Nbd7 11.
Rc1 Ne8 12. Bxg7 Kxg7 13. Qc2 e5 14. Qb2 f6 15. Ne1 Nb6 16. f4 exf4 17. Rxf4 {
1-0 Schneider,L-Agdestein,S/Esbjerg 1983/MCD (73)}) 9. a4 Ne4 10. d4 d5 11. O-O
Nc6 12. Nbd2 Nb4 13. Ne5 Bf5 14. Nxe4 dxe4 15. Nc4 Qe6 16. Ne3 Rad8 17. Qd2 Bh6
18. Bc3 Nd5 19. Bxa5 Nxe3 20. fxe3 Qb3 $44 {0-1 Szabo,L-Ligterink,G/Amsterdam
1976/MCL (38)}) 8. bxc6 Nxc6 9. cxd5 Nxd5 10. Bxg7 Kxg7 11. O-O e5 12. d3 Be6
13. Qd2 f6 14. Rc1 Qe7 15. e4 Ndb4 16. a3 Na6 17. d4 exd4 18. Nxd4 Nxd4 19.
Qxd4 {1/2-1/2 Chabanon,J-Mrdja,M/Asti 1996/EXT 98 (51)}) 7... Qxa5 8. O-O d6 {
Schwarz hat eine feste Stellung und keine Eröffnungsprobleme.} 9. d3 (9. Qb3
Na6 10. d4 Qh5 11. Nbd2 c5 12. d5 Bd7 13. e4 Nb4 14. a4 Bh3 15. Bc3 Ra6 16. a5
Rfa8 17. Bxb4 cxb4 18. Qxb4 b6 {1/2-1/2 Plachetka,J-Kostic,V/AUT-chT9596 1996/
CBM 52 ext (23)}) 9... Qh5 {[%csl Gh5][%cal Gc8h3,Gh3f1] Mit diesem Zug
bereitet Schwarz den Zug Bh3 vor, wonach er den weißfarbigen Läufer tauschen
möchte.} (9... Nbd7 10. Nbd2 Nb6 11. a4 Nxa4 12. Qc2 Bd7 13. Ra2 b5 14. Rfa1
Rfc8 15. d4 Qd8 16. Bc1 Nb6 {0-1 Jongsma,A-Marovic,D/Amsterdam 1968/MCL (34)})
10. Nbd2 Na6 $5 {[%cal Ga6c5,Gc5a4] Der schwarze Springer strebt nach c5, aber
der natürliche Läuferentwicklungszug kommt auch in Betracht.} (10... Bh3 11.
Qc2 Nbd7 12. Rfb1 Bxg2 13. Kxg2 Qa5 14. a4 Qc7 15. Ba3 b6 16. Nb3 Rfb8 17. a5
bxa5 {1/2-1/2 Taimanov,M-Gligoric,S/Lvov 1962/MCL (17)}) 11. d4 {Weiss
verbessert seine Stellung im Zentrum und verhindert Nc5.} Re8 {[%cal Ge7e5]}
12. a4 (12. e4 e5 13. d5 Nc5 $15 {[%csl Gc5]}) 12... e5 13. dxe5 (13. e3 e4 14.
Ne1 Bg4 $17) 13... dxe5 14. e4 Bg4 $15 {[%csl Yd4] Schwarz hat gutes
Figurenspiel, das Feld d4 ist ein positionelles Loch in der weißen Stellung.}
15. Ba3 Rad8 {[%csl Rd1,Rd2,Gd8][%cal Gd8d1] Droht 16...Rxd2 17.Qxd2 Bxf3 mit
sofortigem Gewinn.} 16. Qb3 {Weiss muss aus der Fesselung raus.} Rd7 {Schwarz
verteidigt den b7P und bereitet die eventuelle Turmverdoppelung vor.} 17. Rfe1
Bf8 $1 {Eine gute positionelle Fortsetzung. Schwarz möchte die traditionell
"schlechte Figur" tauschen, wonach er fühlbaren Druck auf den dunkelfarbigen
Punkten bekommt.} 18. Bxf8 Rxf8 {[%csl Yd4][%cal Ga6c5,Gc5e6,Ge6d4]} 19. Qb6
Rfd8 {[%csl Rd2,Gd7,Gd8,Rf3][%cal Rd8d2] Schwarz hat freie Hand, weil die
weißen Springer gefesselt stehen.} 20. Ra2 Kg7 {Schwarz muss nicht eilen -
zuerst verbessert er seine Königsstellung und gleichzeitig verteidigt er den
f6N.} (20... Rd3 $2 21. Qxb7 Nc5 22. Qxc6 {[%cal Rc6c5,Rc6f6]}) 21. c5 Rd3 {
[%csl Gd3]} 22. Qxb7 Nxc5 23. Qb6 (23. Qxc6 Rc8 24. Qb6 Bxf3 $19) {[#]} 23...
Ncxe4 $1 {Auf diese Weise gewinnt Schwarz einen (wichtigen) Bauern.} 24. Nxe4
Nxe4 $17 {Schwarz hat einen Bauern mehr und überlegenen Angriff am
Königsflügel.} 25. Rxe4 Bxf3 26. Re1 (26. Bxf3 Qxf3 27. Re1 Rd1 $19 {Mit
Zugumstellung haben wir die Partiefortsetzung.}) 26... Bxg2 27. Kxg2 Qf3+ 28.
Kg1 (28. Kh3 R8d4 {[%csl Rh3] Droht 29...Rh4+ 30.Kxh4 Qh5 Matt.} 29. Rxe5 h5
30. Rg5 Qh1 $19 {[%csl Rh3]}) 28... Rd1 $19 {Weiss gab auf da er (weiteres)
Material verliert.} (28... Rd1 29. Ra1 Rxa1 30. Rxa1 Rd1+ 31. Rxd1 Qxd1+ 32.
Kg2 Qxa4 $19 {Mit zwei Bauern mehr steht Schwarz auf Gewinn.}) 0-1

[Event "BIH-chT"]
[Site "Neum"]
[Date "2004.06.02"]
[Round "5.5"]
[White "Jakovljevic, Vlado"]
[Black "Dizdarevic, Emir"]
[Result "0-1"]
[WhiteElo "2426"]
[BlackElo "2520"]
[Annotator "Ribli,Z"]
[PlyCount "116"]
[EventDate "2004.05.29"]
[EventType "team"]
[EventRounds "9"]
[EventCountry "BIH"]
[SourceTitle "CBM 102"]
[Source "ChessBase"]
[SourceDate "2004.09.23"]
[SourceVersion "1"]
[SourceVersionDate "2004.09.23"]
[SourceQuality "1"]
[WhiteTeam "Banja Luka"]
[BlackTeam "Sarajevo Bosna"]
[WhiteTeamCountry "BIH"]
[BlackTeamCountry "BIH"]

1. Nf3 Nf6 2. c4 d6 3. g3 (3. d4 g6 4. g3 Bg7 5. Bg2 c6 6. O-O a6 7. Nbd2 b5 8.
b3 Nbd7 9. Bb2 Bb7 10. Qc2 O-O 11. e4 c5 12. e5 Ne8 13. e6 fxe6 14. Ng5 Bxg2
15. Nxe6 $14 {1-0 Ribli,Z-Butunoi,A/2. Bundesliga Mitte 2003/04 2004 (52)})
3... c6 4. d4 g6 5. Bg2 Qa5+ $5 {Eine interessante Idee. Nach 5...Bg7 6. 0-0
0-0 7.Nc3 Qa5 bekämen wir eine bekannte Variante der Königsindischen
Verteidigung. Mit dem Textzug möchte Schwarz so ähnlich spielen, aber Weiß
muss nach 6.Nc3 auch mit 6...Ne4 rechnen.} 6. Bd2 Qa6 7. Qc1 (7. b3 $142 Bg7 8.
O-O O-O 9. Nc3 $14) 7... Bg7 8. O-O O-O 9. b3 d5 $11 {[%csl Ye4][%cal Gf6e4]
Mit dem Textzug verliert Schwarz eigentlich ein Tempo, aber er sichert seine
Kontrolle über das e4-Feld. Die Stellung ist gleich.} 10. Bh6 Bg4 $1 {Schwarz
folgt einer einfachen und guten Strategie - er möchte den Läufer mit Bxf3
tauschen und Nbd7 ziehen, wonach er eine feste Stellung aufbauen kann.} 11.
Bxg7 Kxg7 12. Nbd2 Bxf3 13. Bxf3 (13. Nxf3 Nbd7 $11) 13... Nbd7 14. Qb2 Rfe8
15. Bg2 Qb6 16. e4 {Weiß möchte die Stellung öffnen, aber die Alternative 16.
e3 scheint mir sicherer.} (16. c5 Qc7 $11 {[%cal Ge7e5]}) (16. e3 $5 $11) 16...
dxe4 17. Nxe4 Nxe4 18. Bxe4 Nf6 19. Bg2 Rad8 {[%csl Yd4][%cal Gd8d4] Der d4P
ist der Zielpunkt des schwarzen Spiels, Schwarz hat eine bequeme Stellung.} 20.
Rad1 Rd7 21. Rd2 Kg8 22. Qc3 (22. Rfd1 $11) 22... e5 23. d5 $6 {[%mdl 16384]
Mit dem Textzug gewinnt Weiß Raum, aber das hat keine Bedeutung, während er
auf diese Weise auch die Diagonale des g2-Läufers schließt.} (23. dxe5 Rxd2 24.
Qxd2 Rxe5 $11) 23... c5 $1 {[%csl Rg2]} (23... cxd5 24. Bxd5 Nxd5 25. Rxd5 Rxd5
26. cxd5 Qd6 27. Rd1 $11) 24. Re2 Rde7 25. Rfe1 Qd6 {Die Dame blockiert den
d-Bauern.} 26. Bh3 h5 27. Qe3 Kg7 28. Kf1 b6 29. f4 $6 {Dieser Zug führt zu
einem für Schwarz vorteilhaften Endspiel.} (29. Kg1) 29... exf4 30. Qxf4 (30.
Qxe7 $2 Rxe7 31. Rxe7 fxg3 $19) 30... Rxe2 31. Rxe2 (31. Qxd6 Rxe1+ 32. Kg2
R8e2+ 33. Kf3 g5 $19) 31... Qxf4+ 32. gxf4 Rxe2 33. Kxe2 Ne4 $15 {[%csl Yd6,
Ge4][%cal Ge4d6][%mdl 4096] Der Springer zielt auf das d6-Schlüsselfeld; von
da kann er den d-Bauern blockieren.} 34. Ke3 Nd6 35. Bd7 h4 $1 {Schwarz
gewinnt Raum am Königsflügel.} 36. Kf3 f5 {Schwarz mobilisiert seine Reserven
am Königsflügel. Er hat eigentlich einen Bauern mehr, denn der weiße
d-Freibauer ist blockiert.} 37. Ke3 Kf6 38. Kf3 Ne4 {Schwarz könnte sofort mit
38...g5 die Aktion beginnen, aber zuerst macht er einige Wartezüge.} (38... g5)
39. Be8 Nd6 40. Bd7 Ke7 41. Bc6 Ne4 42. Ke3 Nc3 $1 {Schwarz provoziert die
Schwächung der weißen Bauernstruktur am Damenflügel.} 43. a3 Ne4 44. Bb5 Kf6
45. Ba4 Nd6 46. Bc6 g5 47. fxg5+ (47. Bd7 g4 $17) 47... Kxg5 $17 48. Kf3 {
Weiß muss das Eindringen des schwarzen Königs verhindern.} a5 49. Bd7 (49. a4
Nf7 $17) 49... Nf7 50. Bc8 $2 (50. Be8 Ne5+ 51. Kf2 f4 $17) 50... a4 $1 51.
bxa4 Ne5+ {[%cal Re5c4,Re5f3]} 52. Ke3 Nxc4+ $19 53. Kf3 Nd6 $1 (53... Nxa3)
54. Bd7 Kf6 {[%cal Gf6e5]} 55. Kf4 c4 56. a5 (56. Be6 c3 57. Ke3 f4+ $19) 56...
bxa5 57. a4 c3 58. Ke3 Ne4 0-1

[Event "Moscow Alekhine op"]
[Site "Moscow"]
[Date "1992.??.??"]
[Round "?"]
[White "Anastasian, Ashot"]
[Black "Smirin, Ilia"]
[Result "1-0"]
[WhiteElo "2490"]
[BlackElo "2555"]
[Annotator "Ribli,Z"]
[PlyCount "121"]
[EventDate "1992.10.??"]
[EventType "swiss"]
[EventRounds "9"]
[EventCountry "RUS"]
[SourceTitle "CBM 033"]
[Source "ChessBase"]
[SourceDate "1993.04.01"]
[SourceVersion "1"]
[SourceVersionDate "1993.04.01"]
[SourceQuality "1"]

1. Nf3 Nf6 2. c4 g6 3. b4 Bg7 4. Bb2 O-O 5. e3 d6 (5... c6 6. Be2 a5 7. b5 cxb5
8. cxb5 d6 9. O-O Nbd7 10. d3 Nb6 11. Nbd2 a4 12. a3 Bd7 13. Rb1 e5 $13 {
Danielsen,H-Uhlmann,W Valby K41 1991 CBM/27}) 6. Be2 e5 7. d3 b6 8. O-O Nbd7 9.
Nbd2 Bb7 10. a4 $1 (10. Qc2 Qe7 11. a4 a5 12. bxa5 Rxa5 13. Nb3 Ra7 14. a5 e4
$13 {Panchenko,AN-Smirin,I Moscow Alekhine op 1992 CBM/33}) 10... a6 (10... a5
$5 11. bxa5 Rxa5 12. Nb3 Ra8 13. a5 e4 $13) 11. Qc2 Re8 12. Rfc1 Rb8 13. Rab1
c5 14. Bc3 {/\ a5} d5 15. bxc5 d4 16. c6 $1 (16. exd4 $2 exd4 17. Nxd4 bxc5 $19
) 16... dxc3 (16... Bxc6 17. exd4 exd4 18. Nxd4 $18) 17. cxd7 Nxd7 18. Ne4 $1 (
18. Qxc3 e4 19. Nd4 Nc5 $44) 18... Bxe4 19. dxe4 $14 Nc5 20. Rd1 Qc7 21. Rd5
Qc6 22. Ra1 a5 23. h4 $1 Na6 24. Qxc3 Nb4 25. Qb3 $1 Nxd5 26. cxd5 Qc5 27. Ba6
Bf8 28. Bb5 Re7 29. h5 $36 Qd6 30. hxg6 hxg6 31. Qc3 Kg7 32. Rd1 Rd8 33. g3 $1
$16 f6 34. Nh4 $1 {>< g6} Rc7 35. Qd3 Be7 36. Kg2 Qb4 37. Rb1 $1 Qc5 38. Qe2 f5
39. Nxg6 $1 Kxg6 40. Rh1 Bf6 (40... Rg8 41. Qh5+ Kg7 42. Qh7+ Kf8 43. Qxf5+ $18
) 41. Qh5+ Kg7 42. Qxf5 $1 Rf7 43. Be2 $1 {/\ Th7+,Txf7+,Lh5+ +-} Qc8 44. Rh7+
Kg8 45. Qg6+ Rg7 (45... Bg7 46. Bg4 Qxg4 47. Qxg4 Kxh7 48. Qh4+ $18) 46. Rxg7+
Bxg7 47. Bg4 Rd6 48. Qxd6 Qxg4 49. f3 Qc8 50. Qc6 Qa6 51. Kh3 Qe2 52. Qe8+ Kh7
53. Qh5+ Kg8 54. d6 Qf1+ 55. Kg4 Qc4 56. Qe8+ Kh7 57. d7 Bf6 58. Kf5 Bd8 59.
Qxd8 Qf7+ 60. Kxe5 Qh5+ 61. Ke6 1-0

[Event "Moscow Alekhine op"]
[Site "Moscow"]
[Date "1992.??.??"]
[Round "?"]
[White "Panchenko, Alexander N"]
[Black "Smirin, Ilia"]
[Result "0-1"]
[WhiteElo "2465"]
[BlackElo "2555"]
[Annotator "Ribli,Z"]
[PlyCount "70"]
[EventDate "1992.10.??"]
[EventType "swiss"]
[EventRounds "9"]
[EventCountry "RUS"]
[SourceTitle "CBM 033"]
[Source "ChessBase"]
[SourceDate "1993.04.01"]
[SourceVersion "1"]
[SourceVersionDate "1993.04.01"]
[SourceQuality "1"]

1. Nf3 Nf6 2. c4 g6 3. b4 Bg7 4. Bb2 d6 5. e3 e5 6. d3 O-O 7. Nbd2 Nbd7 8. Be2
b6 9. O-O Bb7 10. Qc2 (10. a4 $5) 10... Qe7 11. a4 a5 12. bxa5 Rxa5 13. Nb3 Ra7
(13... Raa8 $5) 14. a5 e4 $1 15. Nfd4 Ne5 16. Nb5 Nf3+ $5 17. gxf3 (17. Bxf3
exf3 18. Nxa7 Qd7 $19 {/\ Dg4}) 17... exf3 18. Rfb1 (18. Nxa7 Qd7 $19) 18...
Ng4 19. h3 (19. Bxg7 Qh4 $19) (19. Bf1 Qg5 20. Kh1 Qh4 21. h3 Nxf2+ 22. Kh2
Ng4+ $19) 19... Nxe3 $1 20. fxe3 Qxe3+ 21. Kf1 fxe2+ 22. Qxe2 Qxh3+ 23. Ke1 Bh6
24. Nd2 (24. Nxa7 Qh1+ 25. Kf2 Qg2+ 26. Ke1 Qg1+ 27. Qf1 Re8+ $19) 24... Qh1+
25. Qf1 Qh2 26. Bc3 Bg2 27. Ne4 $1 Re8 $1 (27... Bxf1 28. Nf6+ Kg7 29. Ng4+ $18
) 28. Qf2 $2 (28. Rb2 $1 Qh4+ 29. Qf2 Qh1+ 30. Ke2 Qxa1 31. Qxg2 Bg7 $17) 28...
Qh1+ 29. Ke2 Qh5+ 30. Ke1 Bxe4 31. dxe4 Rxe4+ 32. Kf1 Qh1+ 33. Qg1 Qf3+ 34. Qf2
Qd3+ 35. Kg2 Rg4+ 0-1

[Event "Beersheba"]
[Site "Beersheba"]
[Date "1990.??.??"]
[Round "1"]
[White "Smyslov, Vassily V"]
[Black "Ftacnik, Lubomir"]
[Result "1/2-1/2"]
[WhiteElo "2570"]
[BlackElo "2560"]
[Annotator "Ribli,Z"]
[PlyCount "42"]
[EventDate "1990.03.??"]
[EventType "tourn"]
[EventRounds "9"]
[EventCountry "ISR"]
[EventCategory "13"]
[SourceTitle "CBM 017"]
[Source "ChessBase"]
[SourceDate "1990.08.01"]
[SourceVersion "1"]
[SourceVersionDate "1990.08.01"]
[SourceQuality "1"]

1. Nf3 Nf6 2. c4 g6 3. b4 Bg7 4. Bb2 O-O 5. e3 c6 (5... b6 6. Be2 Bb7 7. O-O c5
8. a3 d6 9. Nc3 Nbd7 10. Qb3 e6 11. Rfd1 Qe7 12. Rac1 Rfc8 13. d3 d5 14. cxd5 {
1/2-1/2 Espig,L-Gruenberg,H/ DDR-ch Zittau 1989 (14)}) (5... d6 6. Be2 e5 7. d3
Nbd7 8. Nc3 Re8 9. Qc2 Nf8 10. a4 Bd7 11. a5 a6 12. O-O h5 13. Rfd1 N8h7 14. e4
Bg4 15. Bc1 Nd7 16. Be3 Bxf3 17. Bxf3 Ng5 18. Be2 Ne6 $14 {Rogers,I-Piket,J/
Groningen 1989/ 1-0 (56)}) 6. Be2 (6. d3 a5 7. a3 axb4 8. axb4 Rxa1 9. Bxa1 Qb6
10. Bc3 Na6 11. Qa4 d5 12. Nbd2 dxc4 13. dxc4 c5 14. b5 Nc7 15. Be2 Bf5 16. Qa1
Ra8 17. Qb2 {Csom,I-Lautier,J/ Cannes 1989/ 1/2-1/2 (55)}) 6... d5 7. Qc1 $5 (
7. O-O Bg4 8. Qb3 Nbd7 9. h3 Bxf3 10. Bxf3 e6 11. d4 Ne8 12. Nd2 Nd6 $11 {
Filip,M-Hartston,W/ Praia de Rocha zt 1969/ 1-0 (42)}) 7... Bg4 8. h3 Bxf3 9.
Bxf3 Nbd7 10. O-O e5 11. d3 Re8 12. Rd1 Qe7 13. Qc3 Nb6 14. e4 dxc4 15. dxc4 a5
16. Ba3 Qe6 17. Nd2 Bf8 18. bxa5 Bxa3 19. Qxa3 Nxc4 20. Nxc4 Qxc4 21. Rab1 Qa6
1/2-1/2